000 00392nam a2200181Ia 4500
003 0STCL
008 150530s9999 xx 000 0 und d
040 _aSTCL
_cSTCL
100 _aShukdev Prasad
245 _aAntriksh Mein Bharatiya Upgrah
250 _a1
260 _c2005
_aDelhi
300 _a0
546 _aHindi
942 _2ddc
_cBK
999 _c66571
_d66571
005 20220125171327.0